000 00557nam a22001817a 4500
008 150528b xxu||||| |||| 00| 0 eng d
020 _a928081088X
041 0 _aeng
080 _a631 KAI
245 0 0 _aAgricultural biodiversity in smallholder farms of East Africa /
_cedited by Fidelis Kaihura and Michael Stocking.
300 _a245 f.:
_bme il.;
_c24 cm.
500 _aIndex
500 _aBibliografi
650 0 _aAgrobiodiversity
_zAfrica, East.
650 _aAgrobiodiversity conservation
_zAfrica, East.
650 _aAgrikultura
942 _2udc
_cBK
999 _c924
_d924